000 02513nam a2200289 i 4500
003 Co-Ctgcurn
005 20250405162221.0
007 ta
008 200622s2024 000 0 eng d
040 _aCO-CtgCURN
_bspa
_ccoctgcurn
_erda
082 0 _aCOP 2024
_bM842
100 1 _aMorales León, Melany Camila
_eauthor.
_4aut
245 1 3 _aIncidencias de las tecnologías contables en la gestión financiera de las PYMES /
_cMelany Camila Morelos León; Juan Sebastián Arrieta De Arco; director: Alain Fitzferard Castro Alfaro .
260 _aCartagena de Indias :
_bCorporación Universitaria Rafael Núñez,
_c2024.
300 _a26 hojas.
336 _atext
_btxt
_2rdacontent
337 _aunmediated
_bn
_2rdamedia
338 _avolume
_bnc
_2rdacarrier
502 _aTrabajo de grado (Contador público). Corporación Universitaria Rafael Núñez. Facultad de Ciencias Administrativas y Contables. Programa de Contaduría Pública, 2024.
520 8 _a"Las tecnologías contables como los softwares, en la era digital actual juegan un papel crucial en la gestión financiera de las pequeñas y medianas empresas (PYMES). Estos sistemas están permitiendo la gestión y el registro eficiente de las transacciones diarias, como son los ingresos, gastos y otros movimientos financieros. Además, ofrecen herramientas para la ayuda de presentación de informes y análisis de la información financiera, lo que facilita una visión integral de la salud económica de la empresa. Una de las principales ventajas de adoptar las tecnologías contables en las Pymes es la capacidad de supervisar de manera continua su situación financiera. Estas herramientas contribuyen de manera significativa al desarrollo económico de las empresas al optimizar procesos y mejorar la precisión en la gestión financiera. La integración de las nuevas tecnologías en los pequeños negocios no solo impulsa el crecimiento, sino que también refuerza la entidad al facilitar las operaciones diarias y ofrecer un control más riguroso sobre las finanzas."
650 0 _aContaduría pública
_xTesis y disertaciones académicas.
700 1 _aArrieta de Arco, Juan Sebastián .
700 1 _aCastro Alfaro, Alain Fitzferard,
_easesor.
856 7 _uhttps://unicurn.sharepoint.com/:b:/s/biblioteca/EbaAUqiZn4ZLnL7fNGl5G94BIaR79RFGz9my3kkaovPe1A?e=PrZffw
_zClick para ver el recurso en texto completo
942 _2ddc
_aMHC
_cTG
_hCOP 2024
_iM842
_n0
999 _c3398
_d3398